000 00319nam a22001337a 4500
020 _a0070577137
082 _a330
100 _aLinda Wilson
245 _aTest Bank to Accompany Schiller The Economy Today
250 _a7th ed.
260 _aNew York
_bThe McGraw-Hill Company
_c1997
300 _a616p
942 _cBK
999 _c3248
_d3248